Проектирование усилительных устройств (на интегральных микросхемах): учебное пособие

Opis bibliograficzny
Kolejni autorzy: Богданович Б. М. Борис Михайлович (редактор)
Język:rosyjski
Wydane: Минск, Вышэйшая школа, 1980
Hasła przedmiotowe:
Format: MixedMaterials Książka
KOHA link:https://koha.lib.tpu.ru/cgi-bin/koha/opac-detail.pl?biblionumber=54307

MARC

LEADER 00000nam0a2200000 4500
001 54307
005 20231101211459.0
035 |a (RuTPU)RU\TPU\book\56922 
090 |a 54307 
100 |a 20030703d1980 m y0rusy50 ca 
101 0 |a rus 
102 |a BY 
105 |a a j 001zy 
200 1 |a Проектирование усилительных устройств (на интегральных микросхемах)  |e учебное пособие  |f под ред. Б. М. Богдановича 
210 |a Минск  |c Вышэйшая школа  |d 1980 
215 |a 208 с.  |c ил. 
320 |a Библиогр.: с. 143-144. 
606 1 |a Усилительные устройства  |2 stltpush  |3 (RuTPU)RU\TPU\subj\63398  |9 80427 
610 1 |a интегральные микросхемы 
610 1 |a проектирование 
610 1 |a расчеты 
610 1 |a характеристики 
610 1 |a учебные пособия 
675 |a 621.375.4(075.8)  |v 3 
702 1 |a Богданович  |b Б. М.  |g Борис Михайлович  |4 340 
801 1 |a RU  |b 63413507  |c 20030703  |g PSBO 
801 2 |a RU  |b 63413507  |c 20210906  |g PSBO 
942 |c BK